000 00374pab a2200157 454500
008 180718b1998 xxu||||| |||| 00| 0 eng d
100 _aMuthamma, C.B.
245 _aSources of corruption: need for reforms
260 _c1998
300 _ap.36-43
362 _aNov
650 _aCorruption - India
650 _aCorruption
773 _aPolitics India
909 _a39201
999 _c39201
_d39201